DNA science: a first course Ed 2 (Record no. 163317)
[ view plain ]
| 000 -LEADER | |
|---|---|
| fixed length control field | 00590nam a2200229Ia 4500 |
| 003 - CONTROL NUMBER IDENTIFIER | |
| control field | OSt |
| 005 - DATE AND TIME OF LATEST TRANSACTION | |
| control field | 20230617105756.0 |
| 008 - FIXED-LENGTH DATA ELEMENTS--GENERAL INFORMATION | |
| fixed length control field | 210423s2005 xx 000 0 und d |
| 020 ## - INTERNATIONAL STANDARD BOOK NUMBER | |
| International Standard Book Number | 8188237353 |
| 040 ## - CATALOGING SOURCE | |
| Transcribing agency | AL |
| 041 ## - LANGUAGE CODE | |
| Language code of text/sound track or separate title | eng |
| 082 ## - DEWEY DECIMAL CLASSIFICATION NUMBER | |
| Classification number | 574.87322 MICD |
| 100 ## - MAIN ENTRY--PERSONAL NAME | |
| Personal name | MICKLOS (D A);others |
| 9 (RLIN) | 98447 |
| 245 ## - TITLE STATEMENT | |
| Title | DNA science: a first course Ed 2 |
| 250 ## - EDITION STATEMENT | |
| Edition statement | 2 |
| 260 ## - PUBLICATION, DISTRIBUTION, ETC. | |
| Place of publication, distribution, etc. | New Delhi |
| Name of publisher, distributor, etc. | I K International Publishing House |
| Date of publication, distribution, etc. | 2005 |
| 300 ## - PHYSICAL DESCRIPTION | |
| Extent | 575 |
| Other physical details | PB |
| 365 ## - TRADE PRICE | |
| Price amount | 1595 |
| Currency code | INR |
| 650 ## - SUBJECT ADDED ENTRY--TOPICAL TERM | |
| Topical term or geographic name entry element | Cell Biology |
| 9 (RLIN) | 98448 |
| 906 ## - LOCAL DATA ELEMENT F, LDF (RLIN) | |
| a | course. ; DNA ; first ; science: |
| 942 ## - ADDED ENTRY ELEMENTS (KOHA) | |
| Source of classification or shelving scheme | Dewey Decimal Classification |
| Koha item type | Book |
| Withdrawn status | Lost status | Damaged status | Not for loan | Collection code | Home library | Current library | Date acquired | Source of acquisition | Cost, normal purchase price | Total Checkouts | Full call number | Barcode | Date last seen | Price effective from | Koha item type |
|---|---|---|---|---|---|---|---|---|---|---|---|---|---|---|---|
| Bio Technology | St Aloysius PG Library | St Aloysius PG Library | 03/28/2006 | Educational Supplies | 1595.00 | 574.87322 MICD | PG009812 | 08/24/2022 | 04/26/2021 | Book | |||||
| Bio Technology | St Aloysius PG Library | St Aloysius PG Library | 06/02/2016 | 574.87322 MICD | PG017794 | 08/24/2022 | 04/26/2021 | Book | |||||||
| Bio Technology | St Aloysius PG Library | St Aloysius PG Library | 06/02/2016 | 574.87322 MICD | PG017795 | 08/24/2022 | 04/26/2021 | Book | |||||||
| Bio Technology | St Aloysius PG Library | St Aloysius PG Library | 06/02/2016 | 574.87322 MICD | PG017796 | 08/24/2022 | 04/26/2021 | Book | |||||||
| Bio Technology | St Aloysius PG Library | St Aloysius PG Library | 06/02/2016 | 574.87322 MICD | PG017797 | 08/24/2022 | 04/26/2021 | Book | |||||||
| Bio Technology | St Aloysius PG Library | St Aloysius PG Library | 06/02/2016 | 574.87322 MICD | PG017798 | 08/24/2022 | 04/26/2021 | Book |